000 00779cam a2200157 4500500
005 20260111085605.0
041 _afre
042 _adc
100 1 0 _aKoller, Sylvie
_eauthor
245 0 0 _aDominique Cardon, Sylvain Parasie et Donato Ricci (dir.) Atlas du numérique, Atelier de cartographie de Sciences Po – Presses de Sciences Po, 2023, 144 pages, 25 €..
260 _c2023.
500 _a40
520 _aAu Palais de Tokyo, à Paris, le duo autrichien constitué de Jakob Lena Knebl et d’Ashley Hans Scheirl est au cœur d’une exposition résolument placée sous le signe du double.
786 0 _nÉtudes | Javier | 1 | 2023-12-22 | p. 121y-144y | 0014-1941
856 4 1 _uhttps://shs.cairn.info/revue-etudes-2024-1-page-121y?lang=fr&redirect-ssocas=7080
999 _c1618289
_d1618289